• AIU
  • Tony Wilmot Memorial Library

From Gutenberg to Zuckerberg : (Record no. 67027)

MARC details
000 -LEADER
fixed length control field 02454cam a2200409 i 4500
001 - CONTROL NUMBER
control field 17693558
003 - CONTROL NUMBER IDENTIFIER
control field OSt
005 - DATE AND TIME OF LATEST TRANSACTION
control field 20220308090625.0
008 - FIXED-LENGTH DATA ELEMENTS--GENERAL INFORMATION
fixed length control field 130411r20142012nyua b 001 0 eng d
010 ## - LIBRARY OF CONGRESS CONTROL NUMBER
LC control number 2013937747
020 ## - INTERNATIONAL STANDARD BOOK NUMBER
International Standard Book Number 9780857384256
035 ## - SYSTEM CONTROL NUMBER
System control number (OCoLC)ocn866938609
040 ## - CATALOGING SOURCE
Original cataloging agency TXB
Language of cataloging eng
Transcribing agency TXB
Description conventions rda
Modifying agency TXB
-- OCLCO
-- JQM
-- YDXCP
-- BTCTA
-- BDX
-- FOLLT
-- VP@
-- OCLCQ
-- ABG
-- CDX
-- CGN
-- OBE
-- OCLCO
-- OCLCF
-- COO
-- DLC
042 ## - AUTHENTICATION CODE
Authentication code lccopycat
050 00 - LIBRARY OF CONGRESS CALL NUMBER
Classification number TK5105.875.I57
Item number N39 2012
082 04 - DEWEY DECIMAL CLASSIFICATION NUMBER
Classification number 004.67/809
Edition number 23
100 1# - MAIN ENTRY--PERSONAL NAME
Personal name Naughton, John
Fuller form of name (John J.),
Relator term author.
9 (RLIN) 53185
245 10 - TITLE STATEMENT
Title From Gutenberg to Zuckerberg :
Remainder of title what you really need to know about the internet /
Statement of responsibility, etc John Naughton.
260 ## - PUBLICATION, DISTRIBUTION, ETC. (IMPRINT)
Place of publication, distribution, etc London :
Name of publisher, distributor, etc Quercus,
Date of publication, distribution, etc c2012.
300 ## - PHYSICAL DESCRIPTION
Extent 373 p :
Other physical details illustrations ;
Dimensions 24 cm
504 ## - BIBLIOGRAPHY, ETC. NOTE
Bibliography, etc Includes bibliography and index.
505 0# - FORMATTED CONTENTS NOTE
Formatted contents note Prologue : why this book? --Take the long view -- The Web is not the Net -- For the Net, disruption is a feature, not a bug -- Think ecology, not just economics -- Complexity is the new reality -- The network is now the computer -- The Web is evolving -- Copyrights and "copywrongs," or, Why our intellectual property regime no longer makes sense -- Orwell vs. Huxley : the bookends of our networked future? -- Epilogue.
520 ## - SUMMARY, ETC.
Summary, etc A history of the Internet traces its rise from a technological novelty to the essential utility of the Information Age to consider how society takes for granted a basic component that it barely understands, distilling the Internet's evolution into nine essential areas of understanding to lend insight into the information economy and how it can be more effectively used.
650 #0 - SUBJECT ADDED ENTRY--TOPICAL TERM
Topical term or geographic name as entry element Internet.
9 (RLIN) 53186
650 #0 - SUBJECT ADDED ENTRY--TOPICAL TERM
Topical term or geographic name as entry element Computer networks
Form subdivision Popular works.
9 (RLIN) 53187
650 #7 - SUBJECT ADDED ENTRY--TOPICAL TERM
Topical term or geographic name as entry element Information technology.
Source of heading or term fast
9 (RLIN) 53188
650 #7 - SUBJECT ADDED ENTRY--TOPICAL TERM
Topical term or geographic name as entry element Internet.
Source of heading or term fast
9 (RLIN) 53186
650 #7 - SUBJECT ADDED ENTRY--TOPICAL TERM
Topical term or geographic name as entry element Internet
General subdivision Social aspects.
Source of heading or term fast
9 (RLIN) 53189
655 #7 - INDEX TERM--GENRE/FORM
Genre/form data or focus term History.
Source of term fast
9 (RLIN) 45006
775 08 - OTHER EDITION ENTRY
Display text Reproduction of (work):
Main entry heading Naughton, John (John J.)
Title From Gutenberg to Zuckerberg
Place, publisher, and date of publication London : Quercus, 2012
International Standard Book Number 9780857384256
856 42 - ELECTRONIC LOCATION AND ACCESS
Materials specified Contributor biographical information
Uniform Resource Identifier <a href="http://www.loc.gov/catdir/enhancements/fy1503/2013937747-b.html">http://www.loc.gov/catdir/enhancements/fy1503/2013937747-b.html</a>
856 42 - ELECTRONIC LOCATION AND ACCESS
Materials specified Publisher description
Uniform Resource Identifier <a href="http://www.loc.gov/catdir/enhancements/fy1503/2013937747-d.html">http://www.loc.gov/catdir/enhancements/fy1503/2013937747-d.html</a>
906 ## - LOCAL DATA ELEMENT F, LDF (RLIN)
a 7
b cbc
c copycat
d 2
e epcn
f 20
g y-gencatlg
942 ## - ADDED ENTRY ELEMENTS (KOHA)
Source of classification or shelving scheme Library of Congress Classification
Koha item type Books
Holdings
Withdrawn status Lost status Source of classification or shelving scheme Damaged status Not for loan Collection code Home library Current library Shelving location Date acquired Source of acquisition Cost, normal purchase price Total Checkouts Full call number Barcode Date last seen Copy number Price effective from Koha item type
    Library of Congress Classification     General Circulation AIU/NEGST - Tony Wilmot Memorial Library AIU/NEGST - Tony Wilmot Memorial Library General Stacks 09/15/2015 Donation - Prof. Murray J. Harris 37.00   TK 5105.875.I57N39 2012 T16039W3232 03/08/2022 1 03/08/2022 Books